Statistiques concernant Les vainqueurs du rallye de Dieppe

Cliquez ici pour prendre le quiz!

Statistiques générales

  • Ce quiz a été pris 25 fois
  • Le résultat moyen est 16 sur 49

Statistiques - réponses

AnnéeVoiturePilote% Correct
2023Citroën C3 Rally2AMOURETTE
84%
2019Peugeot 208 T16AMOURETTE
84%
2018Peugeot 208 T16AMOURETTE
84%
2017Citroën DS3 R5AMOURETTE
84%
2004Ford Escort RS CosworthBRUNSON
68%
2005Ford Escort RS CosworthBRUNSON
68%
2010Subaru Impreza S9 WRCBARBARA
53%
1996BMW M3 E30BARBARA
53%
2008Subaru Impreza S9 WRCBARBARA
53%
2007Subaru Impreza S5 WRCBARBARA
53%
2012Subaru Impreza S11 WRCBARBARA
53%
2014Toyota Corolla WRCBAYARD
53%
2013Toyota Corolla WRCBAYARD
53%
2015Toyota Corolla WRCBAYARD
53%
2016Porsche 997 GT3COSSON
53%
2022Volkswagen Polo GTI R5REYDELLET
37%
1991Porsche 911 SCNOURRY
26%
1983Porsche 911 SCNOURRY
26%
1989Porsche 911 SCNOURRY
26%
2002Renault Mégane MaxiREMY
26%
2009Subaru Impreza S6 WRCREMY
26%
2006Renault Mégane MaxiREMY
26%
2003Renault Mégane MaxiREMY
26%
1993Renault 5 Maxi TurboALLIBERT
21%
1992Lancia Delta IntegraleDUTOT
21%
1998Renault Mégane MaxiJORDAN
21%
1995Renault Clio MaxiJORDAN
21%
2001Ford Escort RS CosworthMORDACQ
21%
1953Renault 4 CVREDELE
21%
1950Renault 4 CVREDELE
21%
2011Peugeot 306 MaxiROUSSEL
21%
1987Renault Maxi 5 TurboSERPAGGI
21%
1986Renault Maxi 5 TurboSERPAGGI
21%
1985Renault 5 TurboSERPAGGI
21%
1984Renault 5 TurboSERPAGGI
21%
1994Ford Escort RS CosworthTHOMASSE
21%
2000Renault Mégane MaxiGALPIN
16%
1999Renault Mégane MaxiGALPIN
16%
1997Renault Mégane MaxiPOLO
16%
1954PeugeotCHEVALIER
11%
1980Alpine-Renault A310 V6COEUILLE
11%
1982Porsche 911 SCFRONDAS
11%
1955PanhardLELONG
11%
1990Mercedes-Benz 190E 2.3 16VMASSIAS
11%
1988Volkswagen Golf GTiPARGAMIN
11%
1952Peugeot 203PIGNE
11%
1951Renault 4 CV 750SCOTT
11%
1981Alpine-Renault A310 V6NUSBAUMER
5%
1956PanhardTRIMATIS
5%

Distribution des résultats

Percentile par nombre de réponses

% des personnes avec chaque résultat

Votre développement - résultats

Vous n’avez pas pris ce quiz